| 000 | 01668nam a2200469 i 4500 | ||
|---|---|---|---|
| 001 | 55591 | ||
| 003 | KOSZ 005 | ||
| 005 | 20210701110951.0 | ||
| 008 | 071019s2007 pl a f |001 0 pol | ||
| 015 | _aUWD 2007/24944 | ||
| 020 | _a9788320432558 | ||
| 035 | _a991037258379705066 | ||
| 035 | _a(PL-WaBN)b19994746-48omnis_nlop | ||
| 035 | _ab19994746 | ||
| 035 | _a(OCoLC)749292486 | ||
| 035 | _a(PL)b0000001999474 | ||
| 035 | _a(EXLNZ-48OMNIS_NETWORK)9910381683005606 | ||
| 040 |
_aWA N _cWA N _dKOSZ 005/HR |
||
| 046 | _k2007 | ||
| 080 | _a543.061 | ||
| 245 | 0 | 0 |
_aOcena i kontrola jakości wyników pomiarów analitycznych : _bpraca zbiorowa / _cpod red. Piotra Konieczki i Jacka Namieśnika ; aut. Ewa Bulska [et al.]. |
| 260 |
_aWarszawa : _bWydawnictwa Naukowo-Techniczne, _c2007. |
||
| 300 |
_a343, [1] s. : _bil. ; _c24 cm. |
||
| 336 |
_aTekst _btxt _2rdacontent |
||
| 337 |
_aBez urządzenia pośredniczącego _bn _2rdamedia |
||
| 338 |
_aWolumin _bnc _2rdacarrier |
||
| 380 | _aKsiążki | ||
| 388 | _a2001- | ||
| 504 | _aBibliogr. przy rozdz. Indeks. | ||
| 650 | 7 |
_aChemiczna analiza jakościowa _2DBN |
|
| 650 | 7 | _aKontrola jakości | |
| 650 | 7 | _aPomiary | |
| 650 | 7 | _aMetody statystyczne | |
| 658 | _aChemia | ||
| 700 | 1 |
_aBulska, Ewa _d(1953- ) _eAutor |
|
| 700 | 1 |
_aKonieczka, Piotr _d(1965- ) _eRedakcja |
|
| 700 | 1 |
_aNamieśnik, Jacek _d(1949-2019) _eRedakcja |
|
| 710 | 2 |
_aWydawnictwa Naukowo-Techniczne _4pbl |
|
| 856 |
_uhttp://koha.tu.koszalin.pl/cgi-bin/koha/opac-detail.pl?biblionumber=55591 _yKatalog online BPK |
||
| 942 |
_2UKD _cKS |
||
| 999 |
_c55591 _d55591 |
||